000 00341nam a22001337a 4500
008 170628b xxu||||| |||| 00| 0 eng d
020 _a131699539
041 _aeng
080 _a94
100 _a21
101 _aGJL
245 _aCONTEMPORARY INTER AMERICAN RELATION A READER IN THEORY AND ISSUES
_cFERGUSON.Y.H
942 _2udc
_cBK
999 _c19401
_d19401